[Event "15. Obert Int. Sant Marti 2013"]
[Site "Barcelona ESP"]
[Date "2013.07.15"]
[Round "3.15"]
[White "Dalo, Hermes"]
[Black "Khaetsky, Roman"]
[Result "1/2-1/2"]
[WhiteElo "2148"]
[BlackElo "2424"]
[PlyCount "121"]
[EventDate "2013.07.13"]
[EventType "swiss"]
[EventRounds "9"]
[EventCountry "ESP"]
[SourceTitle "Ajedrez en Madrid"]
[Source "lmi"]
[SourceDate "2013.07.13"]
[SourceVersion "1"]
[SourceVersionDate "2019.06.21"]
[SourceQuality "1"]

1. d4 f5 2. c4 Nf6 3. Nc3 d6 4. Nf3 g6 5. g3 Bg7 6. Bg2 O-O 7. O-O Qe8 8. b3 c6
9. Ba3 h6 10. Qd3 g5 11. e3 a5 12. Rac1 Na6 13. d5 Nb4 14. Bxb4 axb4 15. Na4 c5
16. Nb6 Rxa2 17. Ra1 Rxa1 18. Rxa1 Nd7 19. Nxd7 Bxd7 20. Ra5 Qd8 21. Ra2 Qb8
22. e4 b5 23. Ra5 bxc4 24. Qxc4 Qb6 25. Ra6 Qb7 26. Rc6 Kh8 27. e5 Bxc6 28.
dxc6 Qxc6 29. Nxg5 Qe8 30. Ne6 Bxe5 31. Nxf8 Qxf8 32. Qe6 f4 33. Be4 fxg3 34.
hxg3 Bd4 35. Bf5 Qf6 36. Qxf6+ Bxf6 37. g4 Bd4 38. Kf1 Kg7 39. Ke2 Kf6 40. Bc8
Ke5 41. f3 d5 42. Kd3 Bb2 43. Kc2 Bc3 44. Kd3 Kf4 45. Ke2 e5 46. Be6 e4 47.
Bxd5 exf3+ 48. Bxf3 Bd4 49. Bd5 Kxg4 50. Kf1 Kg3 51. Bf7 Kh2 52. Ke2 Kg2 53.
Bd5+ Kg3 54. Bf7 Kf4 55. Kf1 Kg4 56. Kg2 h5 57. Be6+ Kf4 58. Kh3 Bf2 59. Bf7 h4
60. Bc4 Kg5 61. Bg8 1/2-1/2

[Event "15. Obert Int. Sant Marti 2013"]
[Site "Barcelona ESP"]
[Date "2013.07.15"]
[Round "3.16"]
[White "Bellia, Fabrizio"]
[Black "Guttulsrud, Odd Martin"]
[Result "1-0"]
[WhiteElo "2415"]
[BlackElo "2212"]
[PlyCount "57"]
[EventDate "2013.07.13"]
[EventType "swiss"]
[EventRounds "9"]
[EventCountry "ESP"]
[SourceTitle "Ajedrez en Madrid"]
[Source "lmi"]
[SourceDate "2013.07.13"]
[SourceVersion "1"]
[SourceVersionDate "2019.06.21"]
[SourceQuality "1"]

1. d4 Nf6 2. Nf3 g6 3. c4 Bg7 4. Nc3 O-O 5. Bf4 d6 6. e3 c5 7. h3 Nc6 8. d5 Na5
9. Be2 Re8 10. O-O b6 11. e4 e6 12. Bd3 exd5 13. exd5 Nh5 14. Bg5 Bf6 15. Bd2
Ng7 16. Qc2 Bf5 17. b3 a6 18. Rae1 Rxe1 19. Rxe1 Rb8 20. Bxf5 Nxf5 21. Ne4 Be7
22. Bc3 f6 23. Qd2 Nb7 24. Qf4 Kf7 25. g4 Ng7 26. Nxf6 Bxf6 27. Bxf6 Qd7 28.
Ng5+ Kg8 29. Re7 1-0

[Event "15. Obert Int. Sant Marti 2013"]
[Site "Barcelona ESP"]
[Date "2013.07.15"]
[Round "3.17"]
[White "Valsecchi, Alessio"]
[Black "Leiro Giralt, Daniel"]
[Result "1-0"]
[WhiteElo "2412"]
[BlackElo "2220"]
[PlyCount "27"]
[EventDate "2013.07.13"]
[EventType "swiss"]
[EventRounds "9"]
[EventCountry "ESP"]
[SourceTitle "Ajedrez en Madrid"]
[Source "lmi"]
[SourceDate "2013.07.13"]
[SourceVersion "1"]
[SourceVersionDate "2019.06.21"]
[SourceQuality "1"]

1. d4 d5 2. Nc3 Nf6 3. Bg5 Nbd7 4. f3 h6 5. Bh4 c5 6. e4 dxe4 7. d5 exf3 8.
Nxf3 Nb6 9. Qd2 Nbxd5 10. O-O-O e6 11. Bb5+ Bd7 12. Nxd5 Bxb5 13. Nxf6+ gxf6
14. Qxd8+ 1-0

[Event "15. Obert Int. Sant Marti 2013"]
[Site "Barcelona ESP"]
[Date "2013.07.15"]
[Round "3.18"]
[White "Forsaa, Espen"]
[Black "Sanchez Ibern, Marc"]
[Result "0-1"]
[WhiteElo "2293"]
[BlackElo "2408"]
[PlyCount "60"]
[EventDate "2013.07.13"]
[EventType "swiss"]
[EventRounds "9"]
[EventCountry "ESP"]
[SourceTitle "Ajedrez en Madrid"]
[Source "lmi"]
[SourceDate "2013.07.13"]
[SourceVersion "1"]
[SourceVersionDate "2019.06.21"]
[SourceQuality "1"]

1. e4 c5 2. Nf3 d6 3. d4 Nf6 4. Nc3 cxd4 5. Nxd4 Nc6 6. Bg5 Qb6 7. Nb3 e6 8.
Be2 Be7 9. Bxf6 gxf6 10. O-O Bd7 11. Bh5 Rg8 12. Kh1 Rg7 13. f4 Na5 14. Qd4 Bd8
15. Qd3 Nxb3 16. axb3 Be7 17. f5 O-O-O 18. Qh3 Kb8 19. Bxf7 Rxf7 20. fxe6 Bc8
21. Nd5 Qd4 22. Ra4 Qd2 23. Rfa1 a6 24. b4 Rg7 25. b5 Bxe6 26. Qf3 Bxd5 27.
exd5 axb5 28. Ra8+ Kc7 29. Rd1 Qxc2 30. Ra3 b4 0-1

[Event "15. Obert Int. Sant Marti 2013"]
[Site "Barcelona ESP"]
[Date "2013.07.15"]
[Round "3.20"]
[White "Martorell Aguado, Joan"]
[Black "Ortiz Suarez, Isan Reynaldo"]
[Result "0-1"]
[WhiteElo "2167"]
[BlackElo "2612"]
[PlyCount "58"]
[EventDate "2013.07.13"]
[EventType "swiss"]
[EventRounds "9"]
[EventCountry "ESP"]
[SourceTitle "Ajedrez en Madrid"]
[Source "lmi"]
[SourceDate "2013.07.13"]
[SourceVersion "1"]
[SourceVersionDate "2019.06.21"]
[SourceQuality "1"]

1. e4 c5 2. Nf3 e6 3. Nc3 a6 4. g3 b5 5. Bg2 Bb7 6. d3 d6 7. O-O Nd7 8. a4 b4
9. Nb1 Be7 10. Nbd2 Ngf6 11. Qe2 O-O 12. h3 Ne8 13. Nh2 d5 14. e5 a5 15. Re1
Ra6 16. Qh5 f6 17. f4 fxe5 18. fxe5 Rf5 19. Qd1 Rxe5 20. Rf1 Rf5 21. Re1 Rf8
22. Ndf3 Qb8 23. Bf4 Bd6 24. Ng5 e5 25. Qg4 Nef6 26. Qe6+ Kh8 27. Bd2 e4 28.
Nf7+ Rxf7 29. Qxf7 Ne5 0-1

[Event "15. Obert Int. Sant Marti 2013"]
[Site "Barcelona ESP"]
[Date "2013.07.15"]
[Round "3.21"]
[White "Salazar, Aura Cristina"]
[Black "Perez Mitjans, Orelvis"]
[Result "0-1"]
[WhiteElo "2200"]
[BlackElo "2495"]
[PlyCount "90"]
[EventDate "2013.07.13"]
[EventType "swiss"]
[EventRounds "9"]
[EventCountry "ESP"]
[SourceTitle "Ajedrez en Madrid"]
[Source "lmi"]
[SourceDate "2013.07.13"]
[SourceVersion "1"]
[SourceVersionDate "2019.06.21"]
[SourceQuality "1"]

1. e4 c5 2. Nf3 g6 3. d4 cxd4 4. Nxd4 Bg7 5. c4 Nf6 6. Nc3 d6 7. Be2 O-O 8. O-O
Nc6 9. Be3 Bd7 10. f3 Nxd4 11. Bxd4 Bc6 12. Qd2 a5 13. b3 Nd7 14. Bf2 Nc5 15.
Rab1 Qc7 16. Rfc1 Rfc8 17. Bd1 Qd8 18. a3 b6 19. b4 axb4 20. axb4 Nd7 21. Nd5
e6 22. Nc3 Be5 23. Ne2 Nf6 24. Qe3 Nd7 25. Qd2 Ra3 26. Nd4 Qf6 27. g3 Bb7 28.
Nb3 Qe7 29. Be2 f5 30. Rd1 Rca8 31. c5 Ra2 32. cxd6 Qf6 33. Qe3 f4 34. Qd3 h5
35. Nd2 fxg3 36. hxg3 h4 37. g4 h3 38. Nc4 Qf4 39. Nxe5 Nxe5 40. Qe3 Qxe3 41.
Bxe3 Rxe2 42. d7 Rd8 43. Bf4 Nxf3+ 44. Kf1 Rc2 45. Rbc1 Ba6+ 0-1

[Event "15. Obert Int. Sant Marti 2013"]
[Site "Barcelona ESP"]
[Date "2013.07.15"]
[Round "3.22"]
[White "Enchev, Ivajlo"]
[Black "Salomon, Johan"]
[Result "1-0"]
[WhiteElo "2448"]
[BlackElo "2211"]
[PlyCount "145"]
[EventDate "2013.07.13"]
[EventType "swiss"]
[EventRounds "9"]
[EventCountry "ESP"]
[SourceTitle "Ajedrez en Madrid"]
[Source "lmi"]
[SourceDate "2013.07.13"]
[SourceVersion "1"]
[SourceVersionDate "2019.06.21"]
[SourceQuality "1"]

1. Nf3 Nf6 2. c4 c5 3. g3 Nc6 4. Bg2 d6 5. d4 cxd4 6. Nxd4 Bd7 7. Nc3 g6 8. b3
Bg7 9. Bb2 O-O 10. O-O Qa5 11. e3 Rab8 12. Qd2 Qh5 13. f3 a6 14. g4 Qg5 15. h3
Nxd4 16. f4 Nxb3 17. axb3 Qc5 18. g5 Nh5 19. Nd5 Rfe8 20. b4 Qc8 21. Bxg7 Nxg7
22. Kh2 Be6 23. Bf3 Bxd5 24. cxd5 e5 25. dxe6 Qxe6 26. Rfe1 Nf5 27. e4 Ne7 28.
Bg4 Qc4 29. Rac1 Qb5 30. Qxd6 Rbd8 31. Qc5 Rd2+ 32. Kg3 Qa4 33. Red1 Qa2 34.
Rxd2 Qxd2 35. Rd1 Nf5+ 36. exf5 Re3+ 37. Bf3 Rxf3+ 38. Kxf3 Qxd1+ 39. Ke4 Qe2+
40. Kd4 Qd2+ 41. Ke5 Qd7 42. f6 Qf5+ 43. Kd6 Qxf4+ 44. Kd7 Qb8 45. Qc7 Qa8 46.
h4 Kf8 47. Qd6+ Kg8 48. Qb6 Qb8 49. Qc7 Qa8 50. Qe5 Qf8 51. Qd6 Qa8 52. Kc7 a5
53. bxa5 Qxa5+ 54. Qb6 Qc3+ 55. Kb8 Qe5+ 56. Kxb7 h6 57. Qd8+ Kh7 58. Qe7 Qd5+
59. Kc7 hxg5 60. hxg5 Qc4+ 61. Kd7 Qd5+ 62. Ke8 Qa8+ 63. Qd8 Qa2 64. Qd6 Qb3
65. Kf8 Qa2 66. Qd4 Qa8+ 67. Kxf7 Qb7+ 68. Ke6 Qc6+ 69. Ke7 Qh1 70. Qd7 Kh8 71.
Qe8+ Kh7 72. Qf7+ Kh8 73. Qg7# 1-0

[Event "15. Obert Int. Sant Marti 2013"]
[Site "Barcelona ESP"]
[Date "2013.07.15"]
[Round "3.23"]
[White "Cruz, Cristhian"]
[Black "Dukaczewski, Piotr"]
[Result "1-0"]
[WhiteElo "2499"]
[BlackElo "2226"]
[PlyCount "85"]
[EventDate "2013.07.13"]
[EventType "swiss"]
[EventRounds "9"]
[EventCountry "ESP"]
[SourceTitle "Ajedrez en Madrid"]
[Source "lmi"]
[SourceDate "2013.07.13"]
[SourceVersion "1"]
[SourceVersionDate "2019.06.21"]
[SourceQuality "1"]

1. d4 d5 2. c4 dxc4 3. e4 e6 4. Bxc4 c5 5. d5 Nf6 6. Nc3 exd5 7. Nxd5 Nxd5 8.
Bxd5 Be7 9. Nf3 O-O 10. O-O Qb6 11. Be3 Be6 12. b4 Na6 13. Rb1 Bxd5 14. bxc5
Qa5 15. exd5 Bxc5 16. Rxb7 Qxa2 17. Qa1 Qxa1 18. Rxa1 Rab8 19. Rxb8 Rxb8 20. g4
Bxe3 21. fxe3 Nb4 22. e4 a6 23. Ra4 f6 24. Nd4 Kf7 25. Kf2 Nd3+ 26. Ke3 Ne5 27.
Rxa6 Nxg4+ 28. Kf4 Ne5 29. Ra7+ Kg8 30. Kf5 Nf7 31. Ne6 Nd6+ 32. Kf4 g5+ 33.
Kg4 Nxe4 34. Kf5 Nd6+ 35. Kxf6 Ne8+ 36. Ke7 h6 37. Rd7 g4 38. Rd8 Rxd8 39. Nxd8
h5 40. Kxe8 h4 41. Nf7 g3 42. hxg3 h3 43. Nh6+ 1-0

[Event "15. Obert Int. Sant Marti 2013"]
[Site "Barcelona ESP"]
[Date "2013.07.15"]
[Round "3.24"]
[White "Cherednichenko, Elena"]
[Black "Valdes Romero, Leonardo"]
[Result "1/2-1/2"]
[WhiteElo "2167"]
[BlackElo "2444"]
[PlyCount "37"]
[EventDate "2013.07.13"]
[EventType "swiss"]
[EventRounds "9"]
[EventCountry "ESP"]
[SourceTitle "Ajedrez en Madrid"]
[Source "lmi"]
[SourceDate "2013.07.13"]
[SourceVersion "1"]
[SourceVersionDate "2019.06.21"]
[SourceQuality "1"]

1. d4 Nf6 2. Nf3 g6 3. Bf4 Bg7 4. e3 d6 5. h3 O-O 6. Be2 c5 7. c3 Be6 8. dxc5
dxc5 9. Qxd8 Rxd8 10. O-O Nc6 11. Na3 Nd5 12. Bg3 Nb6 13. Bc7 Rdc8 14. Bxb6
axb6 15. Nc4 Rd8 16. Nxb6 Rxa2 17. Rxa2 Bxa2 18. Na4 Ne5 19. Nxc5 1/2-1/2

[Event "15. Obert Int. Sant Marti 2013"]
[Site "Barcelona ESP"]
[Date "2013.07.15"]
[Round "3.25"]
[White "Panelo, Marcelo"]
[Black "Herms Agullo, Jordi"]
[Result "1-0"]
[WhiteElo "2428"]
[BlackElo "2130"]
[PlyCount "51"]
[EventDate "2013.07.13"]
[EventType "swiss"]
[EventRounds "9"]
[EventCountry "ESP"]
[SourceTitle "Ajedrez en Madrid"]
[Source "lmi"]
[SourceDate "2013.07.13"]
[SourceVersion "1"]
[SourceVersionDate "2019.06.21"]
[SourceQuality "1"]

1. d4 Nf6 2. c4 e5 3. dxe5 Ne4 4. a3 b6 5. Nd2 Nc5 6. Nb3 Ne6 7. Nf3 Bb7 8.
Nbd4 Nxd4 9. Qxd4 a5 10. g3 Nc6 11. Qc3 Qe7 12. Bh3 h6 13. O-O Rg8 14. Rd1
O-O-O 15. Bg2 g5 16. Rd5 Bg7 17. h3 Rge8 18. c5 Nxe5 19. cxb6 Nxf3+ 20. Qxf3
cxb6 21. Qb3 Bxd5 22. Qxd5 d6 23. Bxg5 Qa7 24. Rc1+ Kb8 25. Bxd8 Rxd8 26. b4
1-0

[Event "15. Obert Int. Sant Marti 2013"]
[Site "Barcelona ESP"]
[Date "2013.07.15"]
[Round "3.26"]
[White "Prasca Sosa, Rafael"]
[Black "Heredia Tarrats, Amadeu"]
[Result "1-0"]
[WhiteElo "2426"]
[BlackElo "2098"]
[PlyCount "101"]
[EventDate "2013.07.13"]
[EventType "swiss"]
[EventRounds "9"]
[EventCountry "ESP"]
[SourceTitle "Ajedrez en Madrid"]
[Source "lmi"]
[SourceDate "2013.07.13"]
[SourceVersion "1"]
[SourceVersionDate "2019.06.21"]
[SourceQuality "1"]

1. e4 e6 2. d4 d5 3. Nc3 Bb4 4. e5 c5 5. Bd2 Ne7 6. a3 Bxc3 7. bxc3 Bd7 8. Nf3
Ba4 9. Bd3 c4 10. Be2 Nbc6 11. O-O Qc7 12. Ng5 h6 13. Nh3 O-O-O 14. Nf4 g6 15.
Qc1 Kb8 16. Nh3 Ng8 17. Bf4 Ka8 18. Re1 Nce7 19. f3 Nf5 20. g4 Nfe7 21. Rb1 Rb8
22. Nf2 Qd7 23. Rb4 a5 24. Rb2 Nc8 25. Qd2 Qe7 26. Ra1 Qf8 27. Bg3 Qe7 28. Rba2
Qd8 29. Re1 Nge7 30. Nd1 Qd7 31. Ne3 b5 32. Rf1 Rb6 33. f4 Na7 34. Bf3 Nac6 35.
Bg2 Ra6 36. f5 g5 37. fxe6 fxe6 38. Rf6 Kb7 39. Ra1 Ng8 40. Rf2 Ra8 41. Nd1
Nge7 42. Nb2 Raf8 43. Rf6 Nd8 44. Rb1 Ka7 45. Qc1 Rf7 46. Nxa4 bxa4 47. Qb2 Qc6
48. Qb8+ Ka6 49. Rxe6 Nxe6 50. Qxh8 Ng6 51. Bxd5 1-0

[Event "15. Obert Int. Sant Marti 2013"]
[Site "Barcelona ESP"]
[Date "2013.07.15"]
[Round "3.27"]
[White "Ortiz De Latierro Olivella, Aitor"]
[Black "Aloma Vidal, Robert"]
[Result "1/2-1/2"]
[WhiteElo "2078"]
[BlackElo "2421"]
[PlyCount "71"]
[EventDate "2013.07.13"]
[EventType "swiss"]
[EventRounds "9"]
[EventCountry "ESP"]
[SourceTitle "Ajedrez en Madrid"]
[Source "lmi"]
[SourceDate "2013.07.13"]
[SourceVersion "1"]
[SourceVersionDate "2019.06.21"]
[SourceQuality "1"]

1. e4 c5 2. Nf3 Nc6 3. d4 cxd4 4. Nxd4 g6 5. Nc3 Bg7 6. Be3 Nf6 7. Bc4 O-O 8.
Bb3 a5 9. a4 Ng4 10. Qxg4 Nxd4 11. Bxd4 Bxd4 12. Qg3 d6 13. O-O-O Bxc3 14. Qxc3
Be6 15. Bxe6 fxe6 16. f3 Qb6 17. Qc4 Kf7 18. Qd4 Qc6 19. Rd3 b5 20. f4 Rac8 21.
Rc3 Qb7 22. Rh3 Kg8 23. Qe3 Rc4 24. Re1 Qc6 25. Kb1 bxa4 26. f5 Rf6 27. Qh6 Kf7
28. Qxh7+ Ke8 29. fxg6 Rxe4 30. Rxe4 Qxe4 31. Qh8+ Kd7 32. Qxf6 exf6 33. g7
Qxg2 34. Rg3 Qf1+ 35. Ka2 Qc4+ 36. Kb1 1/2-1/2

[Event "15. Obert Int. Sant Marti 2013"]
[Site "Barcelona ESP"]
[Date "2013.07.15"]
[Round "3.28"]
[White "Jaramillo Ochoa, Mateo"]
[Black "Anurag, Mhamal"]
[Result "0-1"]
[WhiteElo "2074"]
[BlackElo "2418"]
[PlyCount "90"]
[EventDate "2013.07.13"]
[EventType "swiss"]
[EventRounds "9"]
[EventCountry "ESP"]
[SourceTitle "Ajedrez en Madrid"]
[Source "lmi"]
[SourceDate "2013.07.13"]
[SourceVersion "1"]
[SourceVersionDate "2019.06.21"]
[SourceQuality "1"]

1. d4 Nf6 2. c4 e6 3. g3 Bb4+ 4. Bd2 Bxd2+ 5. Qxd2 d6 6. Nf3 O-O 7. Bg2 Qe7 8.
O-O e5 9. Nc3 Bg4 10. d5 Nbd7 11. Ne1 Nb6 12. b3 Qd7 13. Nd3 Bh3 14. e4 Bxg2
15. Kxg2 c6 16. a4 cxd5 17. cxd5 Rae8 18. f3 h6 19. a5 Nc8 20. Qf2 Re7 21. a6
Ne8 22. Nb4 f5 23. axb7 Qxb7 24. Nc6 Rd7 25. Qc2 fxe4 26. fxe4 Nf6 27. b4 Rdf7
28. Qe2 Qd7 29. h3 Qe8 30. Rf2 Rb7 31. b5 Qg6 32. Qe3 Rbf7 33. Raf1 Nb6 34.
Nxa7 Rxa7 35. Qxb6 Ra3 36. Qc6 Kh7 37. Qc4 Nh5 38. Rf3 Rxf3 39. Rxf3 Nf4+ 40.
Kh2 Qh5 41. g4 Qh4 42. Qb4 Nxh3 43. Qxa3 Nf4+ 44. Kg1 Qe1+ 45. Kh2 Qd2+ 0-1

[Event "15. Obert Int. Sant Marti 2013"]
[Site "Barcelona ESP"]
[Date "2013.07.15"]
[Round "3.29"]
[White "Cervello Tost, Ferran"]
[Black "Gullaksen, Eirik"]
[Result "0-1"]
[WhiteElo "2049"]
[BlackElo "2380"]
[PlyCount "112"]
[EventDate "2013.07.13"]
[EventType "swiss"]
[EventRounds "9"]
[EventCountry "ESP"]
[SourceTitle "Ajedrez en Madrid"]
[Source "lmi"]
[SourceDate "2013.07.13"]
[SourceVersion "1"]
[SourceVersionDate "2019.06.21"]
[SourceQuality "1"]

1. d4 Nf6 2. g3 g6 3. Bg2 Bg7 4. Nf3 O-O 5. O-O d6 6. c4 c6 7. Nc3 Qb6 8. b3
Bf5 9. Bb2 d5 10. cxd5 cxd5 11. Ne5 Rd8 12. Na4 Qb5 13. Rc1 Na6 14. Nc5 Ne4 15.
Qd3 Qxd3 16. Nexd3 Naxc5 17. Nxc5 Nxc5 18. Rxc5 e6 19. Rfc1 Bf8 20. Rc7 Rab8
21. f3 Bd6 22. R7c3 Bb4 23. g4 Bxc3 24. Bxc3 Rbc8 25. gxf5 gxf5 26. Kf2 Rd6 27.
Ke3 Ra6 28. Rc2 b5 29. b4 Rac6 30. Kd2 a5 31. a3 axb4 32. axb4 f4 33. Rc1 f6
34. Bh3 Kf7 35. Kd3 R8c7 36. Bg4 Kg6 37. Bh3 Kf7 38. Bg4 Rc4 39. h4 f5 40. Bh5+
Ke7 41. Kd2 Kd8 42. Kd3 e5 43. dxe5 d4 44. Bd2 Rxc1 45. Bxc1 Rxc1 46. Kxd4 Ke7
47. Kd5 Rh1 48. e6 Rxh4 49. Bf7 Rh2 50. Ke5 Rxe2+ 51. Kxf5 Rb2 52. Kxf4 Rxb4+
53. Ke5 Rb1 54. f4 Re1+ 55. Kd4 b4 56. Kc4 Re4+ 0-1

[Event "15. Obert Int. Sant Marti 2013"]
[Site "Barcelona ESP"]
[Date "2013.07.15"]
[Round "3.30"]
[White "Cervello I Tost, Roger"]
[Black "Eggleston, David J"]
[Result "0-1"]
[WhiteElo "1954"]
[BlackElo "2363"]
[PlyCount "66"]
[EventDate "2013.07.13"]
[EventType "swiss"]
[EventRounds "9"]
[EventCountry "ESP"]
[SourceTitle "Ajedrez en Madrid"]
[Source "lmi"]
[SourceDate "2013.07.13"]
[SourceVersion "1"]
[SourceVersionDate "2019.06.21"]
[SourceQuality "1"]

1. e4 c5 2. d4 cxd4 3. c3 dxc3 4. Nxc3 Nc6 5. Nf3 e6 6. Bc4 Bb4 7. O-O Nf6 8.
Qe2 d6 9. Rd1 Qe7 10. Bf4 e5 11. Bg5 Bxc3 12. bxc3 O-O 13. Bc1 Be6 14. Ba3 Rfd8
15. Rd2 Bxc4 16. Qxc4 Rac8 17. Qa4 b5 18. Qxb5 Nxe4 19. Rd3 Qe6 20. c4 Ne7 21.
Rad1 Ng6 22. c5 Nf4 23. Re3 Qg4 24. g3 dxc5 25. Rf1 Nd6 26. Qa6 Nc4 27. Nxe5
Nh3+ 28. Kh1 Nxe5 29. f3 Qd4 30. Rfe1 Nf2+ 31. Kg2 Nfd3 32. R1e2 h6 33. Re4 Qd5
0-1

[Event "15. Obert Int. Sant Marti 2013"]
[Site "Barcelona ESP"]
[Date "2013.07.15"]
[Round "3.31"]
[White "Getz, Nicolai"]
[Black "Real Pereyra, Diana Carime"]
[Result "1-0"]
[WhiteElo "2353"]
[BlackElo "2076"]
[PlyCount "79"]
[EventDate "2013.07.13"]
[EventType "swiss"]
[EventRounds "9"]
[EventCountry "ESP"]
[SourceTitle "Ajedrez en Madrid"]
[Source "lmi"]
[SourceDate "2013.07.13"]
[SourceVersion "1"]
[SourceVersionDate "2019.06.21"]
[SourceQuality "1"]

1. e4 c5 2. d3 Nc6 3. f4 e6 4. Nf3 d5 5. Be2 Nf6 6. Nbd2 Be7 7. O-O Ng4 8. Nb1
Nf6 9. e5 Nd7 10. c4 O-O 11. Nc3 d4 12. Ne4 f5 13. Nf2 a6 14. b3 b5 15. h3 Qe8
16. h4 h6 17. Nh3 Bb7 18. Qe1 h5 19. Nhg5 Nd8 20. Bd2 g6 21. a3 bxc4 22. bxc4
Bxg5 23. Nxg5 Nf7 24. Rb1 Rb8 25. Qg3 Kh8 26. Ba5 Ba8 27. Rxb8 Nxb8 28. Bc7 Qe7
29. Nxf7+ Qxf7 30. Bd6 Re8 31. Bxc5 Nc6 32. Rb1 Kh7 33. Bd6 Qd7 34. Qg5 Qf7 35.
Bf3 Rc8 36. Rb6 a5 37. Kh2 Bb7 38. Qf6 Qd7 39. Rxb7 Qxb7 40. Qxe6 1-0

[Event "15. Obert Int. Sant Marti 2013"]
[Site "Barcelona ESP"]
[Date "2013.07.15"]
[Round "3.32"]
[White "Carlsen, Ellen Oen"]
[Black "Arvola, Benjamin"]
[Result "0-1"]
[WhiteElo "1947"]
[BlackElo "2347"]
[PlyCount "70"]
[EventDate "2013.07.13"]
[EventType "swiss"]
[EventRounds "9"]
[EventCountry "ESP"]
[SourceTitle "Ajedrez en Madrid"]
[Source "lmi"]
[SourceDate "2013.07.13"]
[SourceVersion "1"]
[SourceVersionDate "2019.06.21"]
[SourceQuality "1"]

1. Nf3 c5 2. g3 b5 3. Bg2 Bb7 4. O-O Nf6 5. d3 g6 6. e4 d6 7. a4 b4 8. Nbd2 Bg7
9. Nc4 O-O 10. a5 d5 11. exd5 Bxd5 12. Ne3 Bc6 13. Qe2 Na6 14. Nc4 Nc7 15. Be3
Nd7 16. Qd2 Ne6 17. Bh6 Bxf3 18. Bxf3 Nd4 19. Bg2 Bxh6 20. Qxh6 Nxc2 21. Rac1
Nd4 22. Rfe1 Nf6 23. Ne5 Rc8 24. a6 Qd6 25. Bb7 Rc7 26. Qf4 Ne6 27. Qe3 Qd4 28.
Qe2 Kg7 29. Rc4 Qd6 30. Rec1 Nd4 31. Qe3 Rd8 32. Re1 Nd5 33. Qe4 e6 34. Kg2 b3
35. h4 f5 0-1

[Event "15. Obert Int. Sant Marti 2013"]
[Site "Barcelona ESP"]
[Date "2013.07.15"]
[Round "3.33"]
[White "Galopoulos, Nikolaos"]
[Black "Fabregas Fontanet, Antonio"]
[Result "1-0"]
[WhiteElo "2343"]
[BlackElo "2045"]
[PlyCount "41"]
[EventDate "2013.07.13"]
[EventType "swiss"]
[EventRounds "9"]
[EventCountry "ESP"]
[SourceTitle "Ajedrez en Madrid"]
[Source "lmi"]
[SourceDate "2013.07.13"]
[SourceVersion "1"]
[SourceVersionDate "2019.06.21"]
[SourceQuality "1"]

1. d4 Nf6 2. c4 c5 3. Nf3 g6 4. g3 Bg7 5. Bg2 O-O 6. O-O cxd4 7. Nxd4 Nc6 8.
Nc3 a6 9. Bg5 Qb6 10. Nb3 d6 11. Bxf6 exf6 12. Qxd6 Rd8 13. Qf4 Be6 14. Bd5 Nb4
15. c5 Nxd5 16. Nxd5 Qa7 17. Nc7 Rac8 18. Nxe6 fxe6 19. Qc4 Kf7 20. Nd4 Rd5 21.
Nxe6 1-0

[Event "15. Obert Int. Sant Marti 2013"]
[Site "Barcelona ESP"]
[Date "2013.07.15"]
[Round "3.34"]
[White "Alvarado Diaz, Alejandro"]
[Black "Blandon, Luis Guillermo"]
[Result "1/2-1/2"]
[WhiteElo "2313"]
[BlackElo "1993"]
[PlyCount "109"]
[EventDate "2013.07.13"]
[EventType "swiss"]
[EventRounds "9"]
[EventCountry "ESP"]
[SourceTitle "Ajedrez en Madrid"]
[Source "lmi"]
[SourceDate "2013.07.13"]
[SourceVersion "1"]
[SourceVersionDate "2019.06.21"]
[SourceQuality "1"]

1. d4 Nf6 2. c4 g6 3. g3 Bg7 4. Bg2 d6 5. Nf3 O-O 6. Nc3 c5 7. d5 e6 8. O-O Na6
9. h3 exd5 10. cxd5 Re8 11. Nd2 Nc7 12. a4 b6 13. Qb3 Ba6 14. Re1 Nd7 15. Nb5
Bxb5 16. axb5 a6 17. bxa6 b5 18. Ra5 c4 19. Qb4 Nc5 20. Nxc4 bxc4 21. Qxc4 Rxa6
22. Rxa6 N5xa6 23. b3 Qb8 24. Ba3 Nb5 25. Bxd6 Nxd6 26. Qxa6 Qb4 27. Rf1 h5 28.
h4 Nb5 29. e3 Qxb3 30. Qc6 Rd8 31. Qb6 Rxd5 32. Bxd5 Qxd5 33. Rb1 Nc3 34. Qb8+
Kh7 35. Qb7 Qf5 36. Rb4 Be5 37. Kg2 Kg7 38. Rc4 Qd3 39. Qc6 Nd5 40. Qc5 Bf6 41.
Ra4 Nc3 42. Qc4 Qd7 43. Ra6 Qb7+ 44. Qc6 Qxc6+ 45. Rxc6 Nd5 46. e4 Ne7 47. Rc7
Kf8 48. f4 Bd4 49. Kf3 f5 50. Rd7 fxe4+ 51. Kxe4 Bf6 52. Rxe7 Bxe7 53. f5 gxf5+
54. Kxf5 Kg7 55. g4 1/2-1/2

[Event "15. Obert Int. Sant Marti 2013"]
[Site "Barcelona ESP"]
[Date "2013.07.15"]
[Round "3.37"]
[White "Severri Arrese, Carlos"]
[Black "Ramirez Garcia, Jorge Alberto"]
[Result "0-1"]
[WhiteElo "1905"]
[BlackElo "2303"]
[PlyCount "52"]
[EventDate "2013.07.13"]
[EventType "swiss"]
[EventRounds "9"]
[EventCountry "ESP"]
[SourceTitle "Ajedrez en Madrid"]
[Source "lmi"]
[SourceDate "2013.07.13"]
[SourceVersion "1"]
[SourceVersionDate "2019.06.21"]
[SourceQuality "1"]

1. b3 e5 2. Bb2 Nc6 3. e3 d5 4. Bb5 Bd6 5. f4 f6 6. Ne2 Nh6 7. O-O a6 8. Bxc6+
bxc6 9. Qe1 O-O 10. d3 Ng4 11. Qd2 exf4 12. exf4 Qe7 13. Nbc3 Re8 14. Rf3 Bb7
15. Ng3 Nh6 16. Nce2 c5 17. Rff1 Ng4 18. d4 h5 19. Rfe1 Qe3+ 20. Qxe3 Nxe3 21.
Rac1 h4 22. Nf1 cxd4 23. Bxd4 Nf5 24. Bf2 Re7 25. g3 Rae8 26. Rcd1 Rxe2 0-1

[Event "15. Obert Int. Sant Marti 2013"]
[Site "Barcelona ESP"]
[Date "2013.07.15"]
[Round "3.38"]
[White "Vargas Drechsler, Carlos"]
[Black "Garcia Blanco, Omar"]
[Result "0-1"]
[WhiteElo "1903"]
[BlackElo "2253"]
[PlyCount "86"]
[EventDate "2013.07.13"]
[EventType "swiss"]
[EventRounds "9"]
[EventCountry "ESP"]
[SourceTitle "Ajedrez en Madrid"]
[Source "lmi"]
[SourceDate "2013.07.13"]
[SourceVersion "1"]
[SourceVersionDate "2019.06.21"]
[SourceQuality "1"]

1. e4 c5 2. Nc3 e6 3. g3 d5 4. d3 Nf6 5. Bg2 Be7 6. a4 Nc6 7. Nge2 dxe4 8. Nxe4
O-O 9. O-O e5 10. f4 exf4 11. Nxf4 Nxe4 12. Bxe4 Bf6 13. Nh5 Bg5 14. h4 Bxc1
15. Qxc1 Bh3 16. Rf3 Bg4 17. Qg5 Bxh5 18. Qxh5 g6 19. Qg5 Qd4+ 20. Kg2 Qxb2 21.
Raf1 Rae8 22. h5 Rxe4 23. dxe4 Qxc2+ 24. Kh3 Qxe4 25. h6 Qe7 26. Qd2 Nd4 27.
R3f2 Qd7+ 28. Kg2 Qd5+ 29. Kh3 Qh5+ 30. Kg2 Qd5+ 31. Kh3 Qd7+ 32. Kg2 Qxa4 33.
Qg5 Qc6+ 34. Kh2 Qd6 35. Qe3 Nf5 36. Qg5 f6 37. Qc1 Nxg3 38. Qc4+ Kh8 39. Kg2
Nxf1 40. Rxf1 Qd2+ 41. Rf2 Qg5+ 42. Kf1 Qxh6 43. Qxc5 Qh1+ 0-1